[Event "zonal 2.1 group A"]
[Site "Denver USA"]
[Date "1998.11.01"]
[Round "2"]
[White "Shabalov, Alexander"]
[Black "Christiansen, Larry"]
[Result "1-0"]
[WhiteElo "2645"]
[BlackElo "2610"]
[EventDate "1998.10.31"]
[PlyCount "61"]

1.d4 Nf6 2.c4 e6 3.Nc3 d5 4.Nf3 Nbd7 5.Bg5 Be7 6.e3 O-O 7.Rc1 a6 8.a3 dxc4
9.Bxc4 b5 10.Ba2 Bb7 11.O-O c5 12.Qe2 cxd4 13.exd4 Rc8 14.Rfe1 Re8 15.h4 
h6 16.Bf4 b4 17.axb4 Bxb4 18.Ne5 Nxe5 19.Bxe5 Nd7 20.Bg3 Qa5 21.d5 Bxc3 
22.dxe6 Rxe6 23.Bxe6 Bxe1 24.Rd1 fxe6 25.Qxe6+ Kh8 26.Rxd7 Qb5 27.Be5 
Bxf2+ 28.Kh2 Bg1+ 29.Kxg1 Rc1+ 30.Kh2 Rh1+ 31.Kg3 1-0

[Event "zonal 2.1 group A"]
[Site "Denver USA"]
[Date "1998.11.04"]
[Round "5"]
[White "Gurevich, Dmitry"]
[Black "Shabalov, Alexander"]
[Result "1-0"]
[WhiteElo "2505"]
[BlackElo "2645"]
[EventDate "1998.10.31"]
[PlyCount "83"]

1.Nf3 Nf6 2.c4 g6 3.g3 Bg7 4.Bg2 O-O 5.O-O d6 6.d4 Nc6 7.Nc3 a6 8.Bd2 Rb8 
9.Qc1 Bg4 10.d5 Bxf3 11.exf3 Nd4 12.Bh6 c5 13.dxc6 bxc6 14.Bxg7 Kxg7 15.
Re1 c5 16.f4 e6 17.Ne2 Qb6 18.b3 Rfd8 19.Nxd4 cxd4 20.f5 e5 21.h3 a5 22.
Rb1 Qc5 23.Qd2 Re8 24.g4 h6 25.fxg6 fxg6 26.Rbd1 a4 27.Qd3 axb3 28.axb3 
Qb4 29.Ra1 Re7 30.Reb1 Qc5 31.Rd1 Rf8 32.Ra6 Qb4 33.Ra4 Qb6 34.b4 h5 35.g5
Nh7 36.c5 dxc5 37.Ra6 Qxb4 38.Qxg6+ Kh8 39.Qxh5 Rg7 40.Rh6 Qb2 41.g6 Qxf2+
42.Kh1 1-0

[Event "zonal 2.1 group A"]
[Site "Denver USA"]
[Date "1998.11.05"]
[Round "6"]
[White "Kudrin, Sergey"]
[Black "Gurevich, Dmitry"]
[Result "1/2-1/2"]
[WhiteElo "2540"]
[BlackElo "2505"]
[EventDate "1998.10.31"]
[PlyCount "26"]

1.e4 d6 2.d4 Nf6 3.Nc3 g6 4.Nf3 Bg7 5.Be2 O-O 6.O-O Bg4 7.Be3 Nc6 8.Qd2 e5
9.dxe5 dxe5 10.Rad1 Qc8 11.h3 Rd8 12.Qc1 Bxf3 13.Bxf3 Nd4 1/2-1/2

[Event "zonal 2.1 group A"]
[Site "Denver USA"]
[Date "1998.11.06"]
[Round "7"]
[White "Gurevich, Dmitry"]
[Black "Christiansen, Larry"]
[Result "1-0"]
[WhiteElo "2505"]
[BlackElo "2610"]
[EventDate "1998.10.31"]
[PlyCount "215"]

1.d4 d5 2.c4 e6 3.Nf3 c5 4.cxd5 exd5 5.Nc3 Nc6 6.g3 c4 7.Bg2 Bb4 8.O-O 
Nge7 9.Bd2 O-O 10.b3 Na5 11.Be1 cxb3 12.axb3 Bf5 13.Ra4 Nac6 14.Ne5 a5 15.
Nxc6 bxc6 16.Ra2 Re8 17.Na4 Be4 18.f3 Bg6 19.e4 Bxe1 20.Rxe1 dxe4 21.fxe4 
Rb8 22.Rd2 Rb4 23.Nc5 h6 24.h4 Qb6 25.Kh2 h5 26.Rf1 Rd8 27.Bf3 Rdxd4 28.
Rxd4 Qxc5 29.Rxb4 axb4 30.Qd2 Kh7 31.Rc1 Qe5 32.Qf2 Qe6 33.Rc4 Ng8 34.Rxb4
Nf6 35.Qe2 Qe5 36.Rc4 c5 37.Qd3 Ng4+ 38.Bxg4 hxg4 39.Qc2 Qe6 40.Rxc5 Bxe4 
41.Qc4 Qe8 42.Qe2 Qa8 43.Rh5+ Kg8 44.Rc5 f5 45.b4 Kh7 46.Re5 Qf8 47.Rxe4 
fxe4 48.Qxe4+ g6 49.Kg2 Qd6 50.Qxg4 Qd2+ 51.Kh3 Qe1 52.Qd7+ Kh6 53.Qb7 
Qe6+ 54.Kh2 Qe1 55.Qb5 Qf2+ 56.Kh3 Qf3 57.Qg5+ Kh7 58.Qe7+ Kh6 59.Qg5+ Kh7
60.Qe7+ Kh6 61.Qe1 Qf5+ 62.Kg2 Qc2+ 63.Kf1 Qd3+ 64.Kf2 Qf5+ 65.Kg1 Qd3 66.
Qc1+ Kh7 67.Qc7+ Kh6 68.Qf4+ Kh7 69.Qc7+ Kh6 70.Qf4+ Kh7 71.Kf2 Qc2+ 72.
Ke3 Qc3+ 73.Ke2 Qc2+ 74.Qd2 Qe4+ 75.Kf2 Qf5+ 76.Kg2 Qe4+ 77.Kh2 Qb1 78.
Qd7+ Kh6 79.Qd2+ Kh7 80.g4 Qf1 81.h5 gxh5 82.gxh5 Qf5 83.Qe3 Qd5 84.Qa7+ 
Kh8 85.Qc5 Qf3 86.b5 Qe2+ 87.Kg3 Qe1+ 88.Kf3 Qh1+ 89.Ke2 Qe4+ 90.Kd2 Qf4+ 
91.Kc2 Qe4+ 92.Kb2 Qe2+ 93.Kb3 Qd1+ 94.Kb4 Qb1+ 95.Ka5 Qa1+ 96.Kb6 Qf6+ 
97.Qc6 Qf2+ 98.Kb7 Qf7+ 99.Kb8 Qxh5 100.b6 Qe5+ 101.Qc7 Qb5 102.b7 Kg8 
103.Qd8+ Kf7 104.Kc8 Qa6 105.Qd5+ Kg7 106.Kc7 Qa7 107.Qb5 Kh7 108.Kc8 1-0

[Event "zonal 2.1 group B"]
[Site "Denver USA"]
[Date "1998.10.31"]
[Round "1"]
[White "Fedorowicz, John"]
[Black "Gulko, Boris"]
[Result "1/2-1/2"]
[WhiteElo "2540"]
[BlackElo "2585"]
[EventDate "1998.10.31"]
[PlyCount "44"]

1.e4 c5 2.Nf3 Nc6 3.Bb5 e6 4.O-O Nge7 5.b3 Nd4 6.Nxd4 cxd4 7.Re1 a6 8.Bf1 
Nc6 9.Bb2 Bc5 10.d3 O-O 11.Nd2 e5 12.a3 a5 13.g3 d6 14.Bg2 Be6 15.Nf3 f6 
16.Nh4 d5 17.f4 exf4 18.gxf4 Qd7 19.Qh5 Bf7 20.Qf5 Qxf5 21.Nxf5 dxe4 22.
Bxe4 Rfd8 1/2-1/2

[Event "zonal 2.1 group B"]
[Site "Denver USA"]
[Date "1998.10.31"]
[Round "1"]
[White "Shaked, Tal"]
[Black "Browne, Walter Shawn"]
[Result "1-0"]
[WhiteElo "2490"]
[BlackElo "2515"]
[EventDate "1998.10.31"]
[PlyCount "71"]

1.c4 e5 2.Nc3 Nc6 3.Nf3 f5 4.d4 e4 5.Ng5 Nf6 6.Nh3 g6 7.Bg5 Bg7 8.Nf4 Ne7 
9.e3 d6 10.h4 h6 11.Bxf6 Bxf6 12.Ncd5 Nxd5 13.cxd5 Kf7 14.Rc1 Bxh4 15.Ne6 
Bxe6 16.dxe6+ Kg8 17.Qb3 Be7 18.Qxb7 Rb8 19.Qxa7 Rxb2 20.Qxc7 d5 21.Qxd8+ 
Bxd8 22.Rc5 Kg7 23.g4 Be7 24.Rc7 Kf6 25.g5+ Kxe6 26.Rxh6 Bb4+ 27.Kd1 Rxh6 
28.gxh6 Rd2+ 29.Kc1 Rxf2 30.Bb5 Bd2+ 31.Kd1 Bxe3 32.Rg7 Bxd4 33.Rxg6+ Ke5 
34.Bd7 f4 35.h7 Rh2 36.Rg7 1-0

[Event "zonal 2.1 group B"]
[Site "Denver USA"]
[Date "1998.11.01"]
[Round "2"]
[White "Browne, Walter Shawn"]
[Black "Yermolinsky, Alexander"]
[Result "0-1"]
[WhiteElo "2515"]
[BlackElo "2625"]
[EventDate "1998.10.31"]
[PlyCount "120"]

1.d4 Nf6 2.c4 g6 3.Nc3 d5 4.cxd5 Nxd5 5.Na4 Nf6 6.Nf3 Bg7 7.g3 Nc6 8.Bf4 
Nd5 9.e3 Bf5 10.Nh4 Bd7 11.Nc5 b6 12.Nxd7 Qxd7 13.Rc1 Nd8 14.Nf3 O-O 15.
Qb3 Nxf4 16.gxf4 c5 17.Bg2 Rc8 18.Ne5 Bxe5 19.dxe5 Nc6 20.O-O Na5 21.Qc2 
Qe6 22.b3 Rfd8 23.Rfd1 Nc6 24.Qe4 Nb4 25.Qb1 a5 26.a3 Nc6 27.Qc2 a4 28.
bxa4 Na5 29.h3 c4 30.Qc3 Nb3 31.Rxd8+ Rxd8 32.Rc2 Na5 33.Rd2 Rxd2 34.Qxd2 
Qc8 35.Qc3 Qd7 36.Bf1 Qxa4 37.Qd4 Qxa3 38.Bxc4 Nxc4 39.Qxc4 Qc5 40.Qa2 b5 
41.Qa8+ Kg7 42.Qb7 b4 43.Kg2 h6 44.Kg3 e6 45.Qb8 Qc4 46.Qd8 Qd5 47.Qf6+ 
Kg8 48.Qe7 b3 49.Qb4 Kg7 50.e4 Qd3+ 51.Kg2 Qc2 52.f5 gxf5 53.exf5 exf5 54.
Qd6 b2 55.Qf6+ Kg8 56.Qd8+ Kh7 57.Qf6 Qe4+ 58.f3 Qe2+ 59.Kg3 Qe1+ 60.Kf4 
Qd2+ 0-1

[Event "zonal 2.1 group B"]
[Site "Denver USA"]
[Date "1998.11.01"]
[Round "2"]
[White "Gulko, Boris"]
[Black "Shaked, Tal"]
[Result "1/2-1/2"]
[WhiteElo "2585"]
[BlackElo "2490"]
[EventDate "1998.10.31"]
[PlyCount "35"]

1.c4 c5 2.Nc3 Nc6 3.Nf3 e5 4.g3 g6 5.Bg2 Bg7 6.O-O Nge7 7.d3 d6 8.a3 O-O 
9.Rb1 a5 10.Bd2 Rb8 11.Ne1 Be6 12.Nc2 d5 13.b3 b6 14.e4 dxe4 15.dxe4 Nd4 
16.Nd5 Nec6 17.Nxd4 Nxd4 18.b4 1/2-1/2

[Event "zonal 2.1 group B"]
[Site "Denver USA"]
[Date "1998.11.02"]
[Round "3"]
[White "Shaked, Tal"]
[Black "Sokolin, Leonid"]
[Result "1/2-1/2"]
[WhiteElo "2490"]
[BlackElo "2515"]
[EventDate "1998.10.31"]
[PlyCount "50"]

1.c4 c5 2.Nf3 Nc6 3.Nc3 e5 4.e3 Nf6 5.a3 d5 6.cxd5 Nxd5 7.Qc2 Nxc3 8.dxc3 
Be7 9.Bc4 O-O 10.e4 Be6 11.Bxe6 fxe6 12.Qb3 Qd3 13.Qxe6+ Kh8 14.Be3 Rxf3 
15.gxf3 Bh4 16.Bd2 Qxf3 17.O-O Rf8 18.Be3 Nd4 19.cxd4 cxd4 20.h3 dxe3 21.
fxe3 Qxe3+ 22.Kh1 Qxe4+ 23.Kg1 Qe3+ 24.Kh1 Qe4+ 25.Kg1 Qe3+ 1/2-1/2

[Event "zonal 2.1 group B"]
[Site "Denver USA"]
[Date "1998.11.02"]
[Round "3"]
[White "Yermolinsky, Alexander"]
[Black "Gulko, Boris"]
[Result "1/2-1/2"]
[WhiteElo "2625"]
[BlackElo "2585"]
[EventDate "1998.10.31"]
[PlyCount "37"]

1.Nf3 c5 2.e4 Nc6 3.d4 cxd4 4.Nxd4 Nf6 5.Nc3 d6 6.Bg5 e6 7.Qd2 Be7 8.O-O-O
O-O 9.f4 h6 10.Bh4 Nxd4 11.Qxd4 Qa5 12.Bc4 e5 13.fxe5 dxe5 14.Qd3 Bg4 15.
Bxf6 Bxf6 16.Rdf1 Bh5 17.Kb1 Qc5 18.Bd5 Rad8 19.h3 1/2-1/2

[Event "zonal 2.1 group B"]
[Site "Denver USA"]
[Date "1998.11.03"]
[Round "4"]
[White "Gulko, Boris"]
[Black "Browne, Walter Shawn"]
[Result "1-0"]
[WhiteElo "2585"]
[BlackElo "2515"]
[EventDate "1998.10.31"]
[PlyCount "40"]

1.Nf3 c5 2.c4 Nf6 3.Nc3 e6 4.e3 Nc6 5.d4 d5 6.cxd5 exd5 7.Bb5 Bd6 8.O-O 
O-O 9.h3 cxd4 10.exd4 h6 11.Re1 Bf5 12.Ne5 Rc8 13.Bf4 Nb4 14.Rc1 Ne4 15.
Qf3 Nxc3 16.Rxc3 Nxa2 17.Nxf7 Qa5 18.Nxd6 Nxc3 19.bxc3 Be4 20.Qg4 Qxc3 1-0

[Event "zonal 2.1 group B"]
[Site "Denver USA"]
[Date "1998.11.04"]
[Round "5"]
[White "Shaked, Tal"]
[Black "Fedorowicz, John"]
[Result "1-0"]
[WhiteElo "2490"]
[BlackElo "2540"]
[EventDate "1998.10.31"]
[PlyCount "133"]

1.c4 Nf6 2.Nc3 g6 3.g3 Bg7 4.Bg2 O-O 5.Nf3 c6 6.d4 d5 7.cxd5 cxd5 8.Ne5 e6
9.O-O Nfd7 10.f4 f6 11.Nd3 Nc6 12.Be3 f5 13.Ne5 Ndxe5 14.dxe5 d4 15.Bxc6 
dxe3 16.Bg2 Qb6 17.Qb3 Bd7 18.Qxb6 axb6 19.Rfd1 Rf7 20.Rd6 b5 21.Bxb7 Rb8 
22.Bc6 Bxc6 23.Rxc6 b4 24.Nd1 Rd7 25.Nxe3 Rd2 26.Rc2 Rxc2 27.Nxc2 Bf8 28.
Kf1 Rd8 29.Ke1 Bc5 30.e3 Ra8 31.Ke2 Kf7 32.Kd3 g5 33.Nd4 gxf4 34.gxf4 h5 
35.Nf3 Rd8+ 36.Ke2 Be7 37.h4 Rc8 38.Kd3 Rd8+ 39.Ke2 Rc8 40.Kd3 Rd8+ 41.Kc4
Rc8+ 42.Kb3 Rd8 43.Re1 Kg6 44.Rg1+ Kh6 45.Kc4 Rc8+ 46.Kd3 Rd8+ 47.Kc2 Rc8+
48.Kb1 Rd8 49.Nd4 Bxh4 50.Nxe6 Re8 51.Nd4 Rf8 52.e6 Be7 53.Kc2 h4 54.Kd3 
Kh7 55.e4 Rd8 56.Kc4 Rc8+ 57.Kb3 fxe4 58.Nf5 Bf6 59.Nd6 Rg8 60.Rxg8 Kxg8 
61.Nxe4 Be7 62.a4 bxa3 63.bxa3 h3 64.Nf2 h2 65.a4 Kg7 66.Kc4 Kf6 67.Kd5 
1-0

[Event "zonal 2.1 group B"]
[Site "Denver USA"]
[Date "1998.11.05"]
[Round "6"]
[White "Sokolin, Leonid"]
[Black "Gulko, Boris"]
[Result "1/2-1/2"]
[WhiteElo "2515"]
[BlackElo "2585"]
[EventDate "1998.10.31"]
[PlyCount "33"]

1.c4 c5 2.Nc3 g6 3.e3 Bg7 4.d4 Nf6 5.Nf3 O-O 6.Be2 d5 7.dxc5 dxc4 8.Qa4 
Nd5 9.Bd2 Nxc3 10.Bxc3 Bxc3+ 11.bxc3 Qc7 12.Qxc4 Nd7 13.c6 Qxc6 14.Qxc6 
bxc6 15.O-O c5 16.Rfd1 Rb8 17.Rd2 1/2-1/2

[Event "zonal 2.1 group B"]
[Site "Denver USA"]
[Date "1998.11.06"]
[Round "7"]
[White "Browne, Walter Shawn"]
[Black "Fedorowicz, John"]
[Result "1/2-1/2"]
[WhiteElo "2515"]
[BlackElo "2540"]
[EventDate "1998.10.31"]
[PlyCount "36"]

1.d4 Nf6 2.c4 g6 3.Nc3 Bg7 4.e4 d6 5.Nf3 O-O 6.Be2 e5 7.O-O Nc6 8.d5 Ne7 
9.b4 a5 10.bxa5 Rxa5 11.a4 c5 12.Nd2 Ra6 13.Bb2 Nd7 14.Nb5 f5 15.exf5 gxf5
16.f4 Ng6 17.fxe5 Ndxe5 18.Ra3 Bd7 1/2-1/2